000 00997nam a22002177a 4500
001 9111
003 FISKH
005 20251121105239.0
008 251121b cb ||||| |||| 00| 0 eng d
020 _a9789350895849
040 _aFISKH
_beng
_cFISKH
_dFISKH
082 _a 510.76
100 _aBhanot, Raaj
245 _aMental Mathematics :
_bBook A /
_cby T. Raaj Bhanot
260 _aNew Delhi :
_bDreamland,
_c2016.
300 _a64 pages :
_bcolor illustrations ;
_c28 cm
520 _aMental math is a good skill performing math calculations in your head without a calculator or paper. Mental Mathematics Book – A covers various topics like counting, adding, subtracting, shapes, patterns, and more. Perfect as at-home learning or after school, this is wonderful book includes the practice needed to provide students with a strong mathematical foundation for ongoing success.
650 _aFolktale Liberia
_vAfrican stories
_xproblem-solving
942 _2ddc
_cBK
_n0
999 _c9111
_d9111